Educación y participación popular en salud: Zelaya Sur /
Wedi'i Gadw mewn:
| Prif Awdur: | |
|---|---|
| Fformat: | Texto |
| Pynciau: | |
| Tagiau: |
Ychwanegu Tag
Dim Tagiau, Byddwch y cyntaf i dagio'r cofnod hwn!
|
MARC
| LEADER | 00000 a a2200000 04500 | ||
|---|---|---|---|
| 001 | 47626 | ||
| 003 | |||
| 040 | |||
| 090 | |a REV0857 8 (23) 1982 | ||
| 100 | |a Carroll Ellsberg, Mary | ||
| 245 | |a Educación y participación popular en salud: |b Zelaya Sur / |c Mary Carroll Ellsberg | ||
| 650 | |a EDUCACION | ||
| 650 | |a PARTICIPACION POPULAR | ||
| 650 | |a SALUD | ||
| 650 | |a NICARAGUA | ||
| 773 | |g volumen8, número23, setiembre-diciembre (1982) | ||
| 999 | |c 39324 |d 39324 | ||
